Nghiên cứu lý thuyết về cấu trúc, cơ chế phát triển và các tính chất năng lượng, điện tử của cluster vàng pha tạp nickel AunNi (n = 1 - 12) : Luận văn tốt nghiệp Cao học. Chuyên ngành Hóa lý thuyết và Hóa lý

Xác định cấu trúc tối ưu và cơ chế phát triển của các cluster vàng pha tạp nickel, nghiên cứu đặc điểm liên kết giữa vàng - nickel cũng như ảnh hưởng của nguyên tố pha tạp lên cấu trúc của hệ vàng tinh khiết....

Description complète

Enregistré dans:
Détails bibliographiques
Auteur principal: Thiều, Quang Khải
Format: Livre
Langue:Undetermined
Publié: Cần Thơ Trường Đại học Cần Thơ 2017
Sujets:
Tags: Ajouter un tag
Pas de tags, Soyez le premier à ajouter un tag!
Thư viện lưu trữ: Trung tâm Học liệu Trường Đại học Cần Thơ
LEADER 01216nam a2200205Ia 4500
001 CTU_224842
008 210402s9999 xx 000 0 und d
082 |a 541.2 
082 |b Kh103 
100 |a Thiều, Quang Khải 
245 0 |a Nghiên cứu lý thuyết về cấu trúc, cơ chế phát triển và các tính chất năng lượng, điện tử của cluster vàng pha tạp nickel AunNi (n = 1 - 12) : 
245 0 |b Luận văn tốt nghiệp Cao học. Chuyên ngành Hóa lý thuyết và Hóa lý 
245 0 |c Thiều Quang Khải ; Phạm Vũ Nhật (Cán bộ hướng dẫn) 
260 |a Cần Thơ 
260 |b Trường Đại học Cần Thơ 
260 |c 2017 
520 |a Xác định cấu trúc tối ưu và cơ chế phát triển của các cluster vàng pha tạp nickel, nghiên cứu đặc điểm liên kết giữa vàng - nickel cũng như ảnh hưởng của nguyên tố pha tạp lên cấu trúc của hệ vàng tinh khiết. 
650 |a Hóa lý,Physical chemistry 
910 |b nthai 
980 |a Trung tâm Học liệu Trường Đại học Cần Thơ